[Event "Villa Ballester op 73rd"]
[Site "Buenos Aires"]
[Date "2024.01.25"]
[Round "6"]
[White "Unhold, Valentin"]
[Black "Conde, Adrian"]
[Result "1-0"]
[WhiteElo "2174"]
[BlackElo "1970"]
[PlyCount "45"]
[EventDate "2024.01.19"]
[EventType "swiss"]
[EventRounds "9"]
[EventCountry "ARG"]
[SourceTitle "CB06_2024"]
[SourceDate "2024.02.07"]
[SourceVersion "1"]
[SourceVersionDate "2024.02.07"]
[SourceQuality "1"]

1. d4 Nf6 2. c4 e6 3. Nf3 d5 4. Nc3 Nbd7 5. Bf4 c6 6. e3 Be7 7. c5 0-0 8. h4 b6 9. b4 a5 10. a3 Ba6 11. Bxa6 Rxa6 12. b5 cxb5 13. c6 Qc8 14. c7 e5 15. dxe5 Qxc7 16. Nxb5 Qc4 17. exf6 Bxf6 18. Rb1 Nc5 19. Nd2 Bc3 20. Nxc3 Qxc3 21. Rb3 Nd3+ 22. Kf1 Nxf2 23. Kxf2 1-0

[Event "Villa Ballester op 73rd"]
[Site "Buenos Aires"]
[Date "2024.01.20"]
[Round "3"]
[White "Conde, Adrian"]
[Black "Parisi, Thiago"]
[Result "1-0"]
[WhiteElo "1970"]
[BlackElo "1761"]
[PlyCount "107"]
[EventDate "2024.01.19"]
[EventType "swiss"]
[EventRounds "9"]
[EventCountry "ARG"]
[SourceTitle "CB06_2024"]
[SourceDate "2024.02.07"]
[SourceVersion "1"]
[SourceVersionDate "2024.02.07"]
[SourceQuality "1"]

1. d4 e6 2. c4 f5 3. Nf3 Nf6 4. g3 c6 5. Bg2 d5 6. 0-0 Bd6 7. b3 Qe7 8. Bb2 0-0 9. Qc1 b5 10. Ne5 Bb7 11. Nd2 Nbd7 12. f3 c5 13. cxb5 cxd4 14. Nc6 Bxc6 15. bxc6 Rfc8 16. f4 Nb8 17. Nf3 Nxc6 18. Qd1 Ng4 19. Qd2 Bb4 20. Qd3 Bc3 21. Bxc3 dxc3 22. e3 Nb4 23. Qe2 Qc5 24. Nd4 Kh8 25. Rac1 Rab8 26. h3 Nxe3 27. Qxe3 Nxa2 28. Rce1 c2 29. Nxc2 Qxe3+ 30. Nxe3 Rxb3 31. Rf2 Nb4 32. Rfe2 a5 33. Nxf5 Nd3 34. Bxd5 Nxe1 35. Bxb3 Nf3+ 36. Kf2 exf5 37. Kxf3 g6 38. Rc2 Rd8 39. Rc3 Kg7 40. Bc2 Rd7 41. Rc5 Ra7 42. Ba4 Kf6 43. Ke3 Ra8 44. Rc7 h6 45. h4 h5 46. Bb3 Re8+ 47. Kd3 Rd8+ 48. Kc3 Rf8 49. Kb2 a4 50. Bc4 g5 51. hxg5+ Kg6 52. Bf7+ Rxf7 53. Rxf7 Kxf7 54. Ka3 1-0

[Event "Santa Rosa Villarreal Memorial 29th"]
[Site "Santa Rosa"]
[Date "2023.12.09"]
[Round "5"]
[White "Conde, Adrian"]
[Black "Semprevivo, Florencia"]
[Result "1/2-1/2"]
[WhiteElo "1972"]
[BlackElo "1836"]
[PlyCount "61"]
[EventDate "2023.12.08"]
[EventType "swiss"]
[EventRounds "7"]
[EventCountry "ARG"]
[SourceTitle "CB51_2023"]
[SourceDate "2023.12.20"]
[SourceVersion "1"]
[SourceVersionDate "2023.12.20"]
[SourceQuality "1"]

1. e4 d5 2. exd5 Qxd5 3. Nc3 Qa5 4. d4 Nf6 5. Bc4 c6 6. Nge2 e6 7. 0-0 Bd6 8. Ng3 Qc7 9. Bg5 Nbd7 10. Re1 0-0 11. Qd2 h6 12. Be3 Nb6 13. Bd3 Nbd5 14. Nxd5 Nxd5 15. c4 Bb4 16. Qc1 Bxe1 17. cxd5 Bb4 18. Bxh6 f5 19. dxc6 gxh6 20. Qxh6 Qg7 21. cxb7 Qxb7 22. Nh5 Qh7 23. Qg5+ Kh8 24. Nf6 Rxf6 25. Qxf6+ Qg7 26. Qh4+ Kg8 27. Qd8+ Qf8 28. Qg5+ Qg7 29. Qd8+ Qf8 30. Qg5+ Qg7 31. Qd8+ 1/2-1/2

[Event "Santa Rosa Villarreal Memorial 29th"]
[Site "Santa Rosa"]
[Date "2023.12.08"]
[Round "1"]
[White "Conde, Adrian"]
[Black "Ponce, Mario"]
[Result "1-0"]
[WhiteElo "1972"]
[BlackElo "1408"]
[PlyCount "63"]
[EventDate "2023.12.08"]
[EventType "swiss"]
[EventRounds "7"]
[EventCountry "ARG"]
[SourceTitle "CB51_2023"]
[SourceDate "2023.12.20"]
[SourceVersion "1"]
[SourceVersionDate "2023.12.20"]
[SourceQuality "1"]

1. Nf3 d6 2. d4 Nf6 3. c4 g6 4. Nc3 Bg7 5. e4 Nc6 6. Be2 0-0 7. 0-0 e5 8. d5 Ne7 9. b4 b6 10. c5 a6 11. Nd2 Nd7 12. cxd6 cxd6 13. Nc4 Nf6 14. Be3 Rb8 15. f3 Ne8 16. b5 a5 17. Na4 Bd7 18. Bxb6 Qc8 19. Nxa5 Rxb6 20. Nxb6 Qc5+ 21. Kh1 Qxb6 22. Qd2 Nf6 23. a4 Ra8 24. Nc6 Nxc6 25. dxc6 Be6 26. a5 Qd4 27. Qxd4 exd4 28. b6 Ne8 29. b7 Rb8 30. a6 d3 31. Bxd3 Bxa1 32. Rxa1 1-0

[Event "Villa Ballester op 72nd"]
[Site "Villa Ballester"]
[Date "2023.01.25"]
[Round "7"]
[White "Cuellar, Jose"]
[Black "Conde, Adrian"]
[Result "0-1"]
[WhiteElo "1848"]
[BlackElo "2063"]
[PlyCount "110"]
[EventDate "2023.01.18"]
[EventType "swiss"]
[EventRounds "9"]
[EventCountry "ARG"]
[SourceTitle "EXT 2024"]
[Source "ChessBase"]
[SourceDate "2023.10.10"]
[SourceVersion "1"]
[SourceVersionDate "2023.10.10"]
[SourceQuality "1"]

1. d4 Nf6 2. Nf3 e6 3. e3 c5 4. Bd3 b6 5. Qe2 Bb7 6. Nbd2 cxd4 7. exd4 Be7 8. c3 d6 9. Ne4 Nbd7 10. Bf4 Nxe4 11. Bxe4 Bxe4 12. Qxe4 0-0 13. h4 e5 14. Bg5 Nf6 15. Bxf6 Bxf6 16. dxe5 dxe5 17. 0-0 Qe7 18. Rfe1 Rac8 19. Rad1 g6 20. Rd5 Rfd8 21. Red1 Rxd5 22. Rxd5 Bg7 23. h5 Rd8 24. hxg6 hxg6 25. Kf1 Rxd5 26. Qxd5 e4 27. Ng5 e3 28. fxe3 Bh6 29. Ne4 Bxe3 30. Ke2 Bf4 31. Kd3 Kg7 32. Kc4 f5 33. Nf2 Bg3 34. Nd3 Qe4+ 35. Qxe4 fxe4 36. Nb4 Kf6 37. Kd4 Kf5 38. Ke3 Bf4+ 39. Kf2 Ke6 40. Ke2 Kd6 41. Nc2 Kd5 42. Ne3+ Ke6 43. Nc4 b5 44. Ne3 Kd6 45. b3 Kc5 46. Nc2 Bh6 47. Ne3 b4 48. Ng4 Bf4 49. cxb4+ Kxb4 50. Nf2 Ka3 51. Nxe4 Kxa2 52. b4 Kb3 53. b5 Kc4 54. Kd1 Kxb5 55. Kc2 Kc4 0-1

[Event "ARG-chT"]
[Site "Villa Martelli"]
[Date "2022.08.26"]
[Round "1.6"]
[White "Conde, Adrian"]
[Black "Dubrovich, Igor"]
[Result "1-0"]
[WhiteElo "2063"]
[BlackElo "1990"]
[PlyCount "59"]
[EventDate "2022.08.26"]
[EventType "team-swiss"]
[EventRounds "8"]
[EventCountry "ARG"]
[SourceTitle "EXT 2023"]
[Source "ChessBase"]
[SourceDate "2022.10.05"]
[SourceVersion "1"]
[SourceVersionDate "2022.10.05"]
[SourceQuality "1"]
[WhiteTeam "Villa Ballester"]
[BlackTeam "Torre Blanca"]
[WhiteTeamCountry "ARG"]
[BlackTeamCountry "ARG"]

1. Nf3 Nf6 2. g3 g6 3. Bg2 Bg7 4. 0-0 0-0 5. c4 d6 6. d4 Nc6 7. Nc3 a6 8. h3 Rb8 9. Re1 b5 10. cxb5 axb5 11. e4 b4 12. Nd5 e6 13. Nxf6+ Bxf6 14. Bh6 Re8 15. Rc1 Bd7 16. e5 Bh8 17. Ng5 d5 18. Qf3 Qe7 19. Qf4 Ra8 20. Re3 Reb8 21. Rf3 Nd8 22. Rxc7 Rxa2 23. Qh4 Rxb2 24. Bf8 Kxf8 25. Qxh7 Bg7 26. Qxg6 Kg8 27. Qh5 Kf8 28. Nh7+ Ke8 29. Qg4 Rc8 30. Qxg7 1-0

[Event "ARG-ch sf 95th"]
[Site "Buenos Aires"]
[Date "2020.02.25"]
[Round "4"]
[White "Conde, Adrian"]
[Black "Toniutti, Ezio"]
[Result "0-1"]
[WhiteElo "2100"]
[BlackElo "2281"]
[PlyCount "72"]
[EventDate "2020.02.22"]
[EventType "swiss"]
[EventRounds "9"]
[EventCountry "ARG"]
[SourceTitle "CBM 195 Extra"]
[Source "ChessBase"]
[SourceDate "2020.05.31"]
[SourceVersion "1"]
[SourceVersionDate "2020.05.31"]
[SourceQuality "1"]

1. Nf3 d5 2. d4 Nf6 3. g3 c6 4. Bg2 Bf5 5. 0-0 e6 6. c4 h6 7. Qb3 Qb6 8. c5 Qa6 9. Nc3 Nbd7 10. Re1 b6 11. cxb6 Qxb6 12. Qa4 Be7 13. Nd2 0-0 14. e4 dxe4 15. Ndxe4 Nd5 16. Bd2 Rac8 17. Nxd5 exd5 18. Ba5 Qxb2 19. Rab1 Qa3 20. Qxa3 Bxa3 21. Rb3 Be7 22. Nd2 Bf6 23. Nf3 c5 24. Rb7 cxd4 25. Bb4 Rb8 26. Rxb8 Rxb8 27. a3 Nb6 28. Rd1 Bc2 29. Rc1 d3 30. Nd2 a5 31. Bxa5 Nc4 32. Bc7 Rc8 33. Bf4 Nxd2 34. Bxd2 Bc3 35. Bxc3 Rxc3 36. Bf3 d2 0-1

[Event "Buenos Aires Simul 2nd"]
[Site "Buenos Aires"]
[Date "2020.02.14"]
[Round "1.1"]
[White "Conde, Adrian"]
[Black "Albornoz Molinari, Aleli Rocio"]
[Result "1-0"]
[WhiteElo "2111"]
[BlackElo "1841"]
[PlyCount "75"]
[EventDate "2020.02.14"]
[EventType "simul"]
[EventRounds "1"]
[EventCountry "ARG"]
[SourceTitle "EXT 2024"]
[Source "ChessBase"]
[SourceDate "2023.10.10"]
[SourceVersion "1"]
[SourceVersionDate "2023.10.10"]
[SourceQuality "1"]

1. e4 d6 2. d4 Nf6 3. Nc3 g6 4. Nf3 Bg7 5. Be2 Nc6 6. h3 a6 7. Be3 h6 8. Qd2 Bd7 9. 0-0 e5 10. Rad1 exd4 11. Nxd4 Nxd4 12. Bxd4 0-0 13. f4 Bc6 14. Bf3 Qe7 15. Rfe1 Rae8 16. Nd5 Bxd5 17. exd5 Qd8 18. Qc3 Rxe1+ 19. Rxe1 Ne8 20. f5 Qh4 21. Bxg7 Nxg7 22. f6 Ne8 23. Re4 Qxf6 24. Rxe8 Qxc3 25. Rxf8+ Kxf8 26. bxc3 Ke7 27. Kf2 Kf6 28. Ke3 Ke5 29. Be4 f5 30. Bf3 b5 31. g3 g5 32. Bg2 h5 33. Bf3 h4 34. gxh4 gxh4 35. Bg2 a5 36. Bf3 f4+ 37. Kd3 a4 38. Be4 1-0

[Event "Villa Ballester 70th op"]
[Site "Villa Ballester"]
[Date "2020.01.21"]
[Round "5.1"]
[White "Liascovich, Lucas Agustin"]
[Black "Conde, Adrian"]
[Result "1-0"]
[WhiteElo "2425"]
[BlackElo "2100"]
[PlyCount "67"]
[EventDate "2020.01.17"]
[EventType "swiss"]
[EventRounds "9"]
[EventCountry "ARG"]
[SourceTitle "EXT 2024"]
[Source "ChessBase"]
[SourceDate "2023.10.10"]
[SourceVersion "1"]
[SourceVersionDate "2023.10.10"]
[SourceQuality "1"]

1. e4 e5 2. Nf3 Nc6 3. Bc4 Nf6 4. Ng5 d5 5. exd5 b5 6. Bf1 Qxd5 7. Nc3 Qd7 8. Bxb5 Bb7 9. 0-0 Bd6 10. d3 0-0 11. Nge4 Nxe4 12. dxe4 Rad8 13. Bg5 Rb8 14. Qd5 Qg4 15. Bxc6 Bxc6 16. Qxc6 Qxg5 17. b3 Rb6 18. Qc4 Rb4 19. Qe2 f5 20. exf5 e4 21. Nd5 Rd4 22. Ne3 h5 23. Rad1 Rxd1 24. Rxd1 Kh7 25. Rd5 Rf6 26. g3 c6 27. Ra5 Rf7 28. h4 Qh6 29. Kg2 c5 30. Ra6 Rd7 31. Qc4 Qf6 32. Qxe4 Re7 33. Qf3 Qh6 34. f6 1-0

[Event "Buenos Aires Faogba 36th"]
[Site "Buenos Aires"]
[Date "2019.11.21"]
[Round "5.4"]
[White "Conde, Adrian"]
[Black "Rodriguez Vargas, Sergio"]
[Result "0-1"]
[WhiteElo "2101"]
[BlackElo "1937"]
[PlyCount "74"]
[EventDate "2019.11.07"]
[EventType "swiss"]
[EventRounds "7"]
[EventCountry "ARG"]
[SourceTitle "EXT 2024"]
[Source "ChessBase"]
[SourceDate "2023.10.10"]
[SourceVersion "1"]
[SourceVersionDate "2023.10.10"]
[SourceQuality "1"]

1. e4 g6 2. d4 Bg7 3. Nf3 d6 4. Nc3 a6 5. Be2 Nd7 6. Be3 b5 7. 0-0 Ngf6 8. a3 Bb7 9. e5 Nd5 10. exd6 cxd6 11. Nxd5 Bxd5 12. b3 Nb6 13. c4 bxc4 14. bxc4 Nxc4 15. Bxc4 Bxc4 16. Re1 0-0 17. Rc1 Bd5 18. Rc3 Qd7 19. Bg5 e6 20. h4 h5 21. Qd3 Rfc8 22. Nd2 Qa4 23. Ne4 Rxc3 24. Nxc3 Qxa3 25. Qe3 Qa5 26. Rb1 Rc8 27. Ne2 Qc7 28. Nf4 Qc4 29. Rd1 Qc2 30. Re1 Rc3 31. Nxd5 Rxe3 32. Nxe3 Qc3 33. Rb1 Bxd4 34. Rb8+ Kg7 35. Rd8 Qe1+ 36. Kh2 Qxf2 37. Rxd6 Be5+ 0-1

[Event "Buenos Aires Faogba 36th"]
[Site "Buenos Aires"]
[Date "2019.11.12"]
[Round "2.5"]
[White "Conde, Adrian"]
[Black "Zalla, Luca"]
[Result "1/2-1/2"]
[WhiteElo "2101"]
[BlackElo "1855"]
[PlyCount "93"]
[EventDate "2019.11.07"]
[EventType "swiss"]
[EventRounds "7"]
[EventCountry "ARG"]
[SourceTitle "EXT 2024"]
[Source "ChessBase"]
[SourceDate "2023.10.10"]
[SourceVersion "1"]
[SourceVersionDate "2023.10.10"]
[SourceQuality "1"]

1. d4 Nf6 2. c4 g6 3. Nc3 Bg7 4. e4 d6 5. Nf3 0-0 6. Be2 e5 7. 0-0 Nc6 8. d5 Ne7 9. b4 Nd7 10. Bb2 f5 11. Ng5 Nf6 12. Bf3 f4 13. c5 h6 14. Ne6 Bxe6 15. dxe6 dxc5 16. bxc5 c6 17. Qb3 Qc7 18. Rfd1 Rfd8 19. Rd6 Rxd6 20. cxd6 Qxd6 21. Ba3 Qc7 22. Nd5 cxd5 23. exd5 Ne8 24. Rc1 Qd8 25. Qxb7 Rc8 26. Rxc8 Nxc8 27. e7 Qa5 28. Bb4 Qxa2 29. h3 Qb1+ 30. Kh2 Ncd6 31. Qb8 e4 32. Bxd6 Qxb8 33. Bxb8 exf3 34. d6 Nxd6 35. Bxd6 Kf7 36. Bxf4 fxg2 37. Kxg2 Kxe7 38. Kf3 a5 39. Ke4 Ke6 40. Bc1 Bf8 41. h4 a4 42. h5 gxh5 43. Bb2 a3 44. Bxa3 Bxa3 45. Kf3 Kf5 46. Kg2 Kg4 47. Kh1 1/2-1/2

[Event "Buenos Aires ProAm op 26th"]
[Site "Buenos Aires"]
[Date "2019.10.07"]
[Round "2"]
[White "Conde, Adrian"]
[Black "Gomez, Carlos David"]
[Result "1/2-1/2"]
[WhiteElo "2099"]
[BlackElo "2300"]
[PlyCount "55"]
[EventDate "2019.10.06"]
[EventType "team-swiss"]
[EventRounds "8"]
[EventCountry "ARG"]
[SourceTitle "CBM 192 Extra"]
[Source "Chessbase"]
[SourceDate "2019.11.06"]
[SourceVersion "1"]
[SourceVersionDate "2019.11.06"]
[SourceQuality "1"]

1. Nf3 d5 2. d4 Nc6 3. g3 Bg4 4. Bg2 Qd7 5. 0-0 Bh3 6. c4 Bxg2 7. Kxg2 dxc4 8. Na3 h5 9. h4 0-0-0 10. Bf4 f6 11. Qa4 g5 12. d5 gxf4 13. dxc6 Qxc6 14. Qxc6 bxc6 15. Nxc4 fxg3 16. fxg3 Nh6 17. Rad1 Rd5 18. e4 Rc5 19. Nfd2 Ng4 20. a4 Bh6 21. b4 Re5 22. Nxe5 Ne3+ 23. Kf3 fxe5 24. Ke2 Rg8 25. Rb1 Nxf1 26. Nxf1 Kb7 27. Rd1 e6 28. Rd7 1/2-1/2

[Event "Moron Perez Cup U2200 sf"]
[Site "Moron"]
[Date "2019.08.02"]
[Round "4.4"]
[White "Oyarzu, Eduardo"]
[Black "Conde, Adrian"]
[Result "0-1"]
[WhiteElo "1849"]
[BlackElo "2078"]
[PlyCount "110"]
[EventDate "2019.07.29"]
[EventType "swiss"]
[EventRounds "6"]
[EventCountry "ARG"]
[SourceTitle "EXT 2024"]
[Source "ChessBase"]
[SourceDate "2023.10.10"]
[SourceVersion "1"]
[SourceVersionDate "2023.10.10"]
[SourceQuality "1"]

1. d4 Nf6 2. Nf3 e6 3. c4 Bb4+ 4. Bd2 Be7 5. Nc3 d5 6. cxd5 exd5 7. Bg5 0-0 8. e3 c6 9. Qc2 Nbd7 10. Bd3 Re8 11. 0-0 Ne4 12. Bxe4 Bxg5 13. Bxh7+ Kh8 14. Bf5 Bf6 15. b4 g6 16. Bd3 a6 17. Na4 Nf8 18. Rab1 Kg7 19. Nc5 Qd6 20. Qd2 b6 21. Nb3 Ne6 22. Rbc1 Rh8 23. g3 g5 24. Bf5 g4 25. Bxg4 Ng5 26. Nxg5 Bxg4 27. f4 Bxg5 28. fxg5 Rh5 29. Rf6 Be6 30. Qf2 Rxg5 31. Qf4 Qxf4 32. Rxf4 Rc8 33. Nd2 Bg4 34. Kg2 Bh5 35. a4 Rg6 36. h3 Re6 37. Rc3 Bd1 38. Nb3 Re7 39. a5 Bxb3 40. Rxb3 bxa5 41. bxa5 c5 42. dxc5 Rxc5 43. Ra3 Re6 44. g4 Rc2+ 45. Kf3 Rh2 46. Kg3 Re2 47. Rfa4 Rf6 48. Rd3 Rd6 49. Kf4 Kf6 50. Rad4 Rf2+ 51. Kg3 Re2 52. Ra3 Ke5 53. Rdd3 Rf6 54. h4 Rff2 55. h5 f6 0-1

[Event "Moron Perez Cup U2200 sf"]
[Site "Moron"]
[Date "2019.07.30"]
[Round "2.2"]
[White "Quiroga, Luis Alberto"]
[Black "Conde, Adrian"]
[Result "0-1"]
[WhiteElo "1890"]
[BlackElo "2078"]
[PlyCount "84"]
[EventDate "2019.07.29"]
[EventType "swiss"]
[EventRounds "6"]
[EventCountry "ARG"]
[SourceTitle "EXT 2024"]
[Source "ChessBase"]
[SourceDate "2023.10.10"]
[SourceVersion "1"]
[SourceVersionDate "2023.10.10"]
[SourceQuality "1"]

1. e4 e5 2. Nf3 Nc6 3. d4 exd4 4. Nxd4 Nf6 5. Nc3 Bb4 6. Nxc6 bxc6 7. Bd3 0-0 8. 0-0 Re8 9. Qf3 d5 10. Bg5 h6 11. Bxf6 Qxf6 12. Qxf6 gxf6 13. exd5 Bxc3 14. bxc3 cxd5 15. Bb5 Re6 16. Rad1 Ba6 17. Bxa6 Rxa6 18. Rxd5 Rxa2 19. h3 a5 20. Rfd1 Rxc2 21. Ra1 a4 22. Ra3 Rb2 23. Rd4 Rb3 24. Rxb3 axb3 25. Rb4 Ra1+ 26. Kh2 Rb1 27. c4 Kf8 28. Rb7 b2 29. Kg3 Ke8 30. Kf3 Kd7 31. Ke2 Kc6 32. Rb5 Kd6 33. Rd5+ Ke6 34. Rb5 c6 35. Rb3 Ke5 36. Kd2 Rf1 37. f4+ Kd4 38. Kc2 b1Q+ 39. Rxb1 Rxb1 40. Kxb1 Kxc4 41. Kc2 Kd4 42. Kd2 Ke4 0-1

[Event "ARG-ch playoff"]
[Site "Buenos Aires"]
[Date "2019.06.20"]
[Round "3.1"]
[White "Conde, Adrian"]
[Black "Ostoich, Mariano Ivan"]
[Result "1/2-1/2"]
[WhiteElo "2078"]
[BlackElo "2131"]
[PlyCount "88"]
[EventDate "2019.06.06"]
[EventType "swiss"]
[EventRounds "4"]
[EventCountry "ARG"]
[SourceTitle "EXT 2024"]
[Source "ChessBase"]
[SourceDate "2023.10.10"]
[SourceVersion "1"]
[SourceVersionDate "2023.10.10"]
[SourceQuality "1"]

1. e4 c5 2. Nf3 g6 3. c3 d5 4. exd5 Qxd5 5. d4 Bg7 6. Be3 cxd4 7. Bxd4 Nf6 8. Nbd2 0-0 9. Bc4 Qd6 10. 0-0 Nc6 11. Bxf6 Qxf6 12. Ne4 Qf4 13. Re1 Bg4 14. Qd2 Qc7 15. Be2 Rad8 16. Qe3 h6 17. h3 Bxf3 18. Bxf3 b6 19. Rad1 e5 20. Nd2 Ne7 21. Qe4 f5 22. Qc4+ Qxc4 23. Nxc4 e4 24. Be2 Nd5 25. g3 Nf6 26. Ne5 Kh7 27. Nc6 Rc8 28. Nd4 Rfe8 29. Bb5 Re7 30. Nc6 Rec7 31. Nd8 Re7 32. Rd6 Rc5 33. a4 Ne8 34. Bxe8 Rxe8 35. Ne6 Re5 36. Nxg7 Kxg7 37. Red1 e3 38. Rd7+ R8e7 39. Rxe7+ Rxe7 40. fxe3 Rxe3 41. Rd7+ Kf6 42. Kf2 Re7 43. Rd6+ Re6 44. Rd7 Re7 1/2-1/2

[Event "ARG-ch playoff"]
[Site "Buenos Aires"]
[Date "2019.06.06"]
[Round "1.1"]
[White "Conde, Adrian"]
[Black "Ostoich, Mariano Ivan"]
[Result "1/2-1/2"]
[WhiteElo "2078"]
[BlackElo "2131"]
[PlyCount "89"]
[EventDate "2019.06.06"]
[EventType "swiss"]
[EventRounds "4"]
[EventCountry "ARG"]
[SourceTitle "EXT 2024"]
[Source "ChessBase"]
[SourceDate "2023.10.10"]
[SourceVersion "1"]
[SourceVersionDate "2023.10.10"]
[SourceQuality "1"]

1. d4 d5 2. c4 dxc4 3. Nf3 Nf6 4. e3 e6 5. Bxc4 c5 6. 0-0 a6 7. a4 Nc6 8. Qe2 cxd4 9. Rd1 Be7 10. exd4 0-0 11. Nc3 Nd5 12. Be3 Ncb4 13. Ne5 Bd7 14. Bxd5 Nxd5 15. Nxd5 exd5 16. Qf3 Be6 17. a5 Rc8 18. Bd2 Bd6 19. Bf4 Qf6 20. Nd3 Bxf4 21. Qxf4 Qxf4 22. Nxf4 Rc2 23. Ra2 Rfc8 24. Nd3 R8c4 25. Ne1 Rc1 26. Rxc1 Rxc1 27. Kf1 Rd1 28. Ra3 Bd7 29. Ke2 Rxd4 30. Nc2 Bb5+ 31. Ke1 Re4+ 32. Re3 Rg4 33. g3 Kf8 34. Kd2 Ra4 35. b4 d4 36. Ra3 Rxa3 37. Nxa3 Ke7 38. Nxb5 axb5 39. Kd3 Ke6 40. Kxd4 Kd6 41. f3 g6 42. Ke4 Ke6 43. Kd4 Kd6 44. Ke4 Ke6 45. Kd4 1/2-1/2

[Event "Buenos Aires Faogba 35th"]
[Site "Buenos Aires"]
[Date "2018.11.30"]
[Round "7.2"]
[White "Wisniacki, Flavio"]
[Black "Conde, Adrian"]
[Result "1-0"]
[WhiteElo "2239"]
[BlackElo "2052"]
[PlyCount "61"]
[EventDate "2018.11.13"]
[EventType "swiss"]
[EventRounds "7"]
[EventCountry "ARG"]
[SourceTitle "EXT 2024"]
[Source "ChessBase"]
[SourceDate "2023.10.10"]
[SourceVersion "1"]
[SourceVersionDate "2023.10.10"]
[SourceQuality "1"]

1. d4 Nf6 2. c4 e6 3. g3 c5 4. Nf3 b6 5. Bg2 Bb7 6. 0-0 cxd4 7. Qxd4 Be7 8. Nc3 d6 9. b3 Na6 10. e4 0-0 11. Rd1 Nc5 12. e5 dxe5 13. Nxe5 Bxg2 14. Kxg2 Qc7 15. Qe3 Rad8 16. Bb2 Nfd7 17. Nb5 Qb7+ 18. Qf3 Nxe5 19. Qxb7 Nxb7 20. Bxe5 a6 21. Na7 Bc5 22. Rxd8 Rxd8 23. b4 Bd4 24. Bxd4 Rxd4 25. Rc1 Nd6 26. c5 bxc5 27. bxc5 Nb5 28. Nxb5 axb5 29. c6 Rd8 30. c7 Rc8 31. Rd1 1-0

[Event "Buenos Aires Faogba 35th"]
[Site "Buenos Aires"]
[Date "2018.11.13"]
[Round "1.9"]
[White "Conti, Claudio"]
[Black "Conde, Adrian"]
[Result "0-1"]
[WhiteElo "1558"]
[BlackElo "2052"]
[PlyCount "56"]
[EventDate "2018.11.13"]
[EventType "swiss"]
[EventRounds "7"]
[EventCountry "ARG"]
[SourceTitle "EXT 2024"]
[Source "ChessBase"]
[SourceDate "2023.10.10"]
[SourceVersion "1"]
[SourceVersionDate "2023.10.10"]
[SourceQuality "1"]

1. e4 e5 2. Bc4 Nf6 3. d3 Nc6 4. Nf3 Be7 5. c3 d5 6. exd5 Nxd5 7. h3 a6 8. 0-0 0-0 9. Nbd2 Nb6 10. Re1 Bf6 11. Ne4 Nxc4 12. Nxf6+ Qxf6 13. dxc4 h6 14. Qe2 Re8 15. Be3 e4 16. Nd2 Qg6 17. Kh2 Be6 18. Bf4 Re7 19. Qxe4 f5 20. Qf3 Rae8 21. b4 Kh7 22. Re3 Qf7 23. c5 g5 24. Be5 Bd5 25. Qe2 Nxe5 26. c4 f4 27. Rxe5 Rxe5 28. Qd3+ Be4 0-1

[Event "ARG-chT"]
[Site "Villa Martelli"]
[Date "2018.08.25"]
[Round "8.3"]
[White "Conde, Adrian"]
[Black "Salas, Jesus"]
[Result "1-0"]
[WhiteElo "2089"]
[BlackElo "1689"]
[PlyCount "79"]
[EventDate "2018.07.07"]
[EventType "team-swiss"]
[EventRounds "9"]
[EventCountry "ARG"]
[SourceTitle "CBM 187 Extra"]
[Source "ChessBase"]
[SourceDate "2018.11.04"]
[SourceVersion "1"]
[SourceVersionDate "2018.11.04"]
[SourceQuality "1"]
[WhiteTeam "Tacticos y Estrategas"]
[BlackTeam "Quilmes"]
[WhiteTeamCountry "ARG"]
[BlackTeamCountry "ARG"]

1. d4 Nf6 2. c4 c5 3. d5 b5 4. cxb5 a6 5. b6 g6 6. Nc3 d6 7. e4 Bg7 8. Nf3 0-0 9. Be2 Qxb6 10. 0-0 Nbd7 11. Nd2 Qc7 12. f4 Nb6 13. Nf3 Bb7 14. Kh1 e6 15. dxe6 fxe6 16. e5 dxe5 17. Nxe5 Nfd5 18. Bg4 Nxf4 19. Bxf4 Bxe5 20. Bxe6+ Kg7 21. Bxe5+ Qxe5 22. Re1 Qg5 23. Qg4 Qxg4 24. Bxg4 Rae8 25. Kg1 Nc4 26. Be6 Nb6 27. Rad1 Rd8 28. Bb3 Rxd1 29. Rxd1 c4 30. Bc2 Rf7 31. Rd4 Rd7 32. Rxd7+ Nxd7 33. Ne4 Nf6 34. Nc5 Bc8 35. h3 Kf7 36. Kf2 Ke7 37. Ke3 Kd6 38. Kd4 Nd5 39. Ne4+ Kc6 40. Ba4+ 1-0

[Event "ARG-chT"]
[Site "Villa Martelli"]
[Date "2018.08.18"]
[Round "7.1"]
[White "Hoffman, Alejandro"]
[Black "Conde, Adrian"]
[Result "1/2-1/2"]
[WhiteElo "2477"]
[BlackElo "2089"]
[PlyCount "157"]
[EventDate "2018.07.07"]
[EventType "team-swiss"]
[EventRounds "9"]
[EventCountry "ARG"]
[SourceTitle "CBM 187 Extra"]
[Source "ChessBase"]
[SourceDate "2018.11.04"]
[SourceVersion "1"]
[SourceVersionDate "2018.11.04"]
[SourceQuality "1"]
[WhiteTeam "Boca Juniors"]
[BlackTeam "Tacticos y Estrategas"]
[WhiteTeamCountry "ARG"]
[BlackTeamCountry "ARG"]

1. d4 Nf6 2. c4 e6 3. Nf3 d5 4. Nc3 c6 5. e3 Nbd7 6. Qc2 Bd6 7. b3 0-0 8. Be2 e5 9. 0-0 e4 10. Nd2 Re8 11. cxd5 cxd5 12. Nb5 Bb8 13. Ba3 Nf8 14. Bxf8 Kxf8 15. Rfc1 Bg4 16. Bxg4 Nxg4 17. h3 Nf6 18. Nc7 Bxc7 19. Qxc7 Re7 20. Qxd8+ Rxd8 21. Rc2 Red7 22. Rac1 Ke7 23. f3 exf3 24. Nxf3 Ne8 25. Ne5 Rd6 26. Nd3 b6 27. Ne5 Ke6 28. Kf2 f6 29. Nc6 R8d7 30. Nb8 Rb7 31. Rc8 Kf7 32. Kf3 a5 33. a3 Re7 34. b4 Rde6 35. R1c3 axb4 36. axb4 Nd6 37. R8c6 Nc4 38. Rxe6 Rxe6 39. b5 Ke7 40. Nc6+ Kd6 41. Nb4 Re8 42. h4 h5 43. g3 Re7 44. Nc2 g6 45. Na3 Na5 46. Rc8 Ke6 47. Nc2 g5 48. Nb4 gxh4 49. gxh4 Nc4 50. Rc6+ Nd6 51. Rxb6 Rg7 52. Nd3 Rg4 53. Nf4+ Kd7 54. Nxd5 Rxh4 55. Nxf6+ Ke7 56. Nd5+ Kd7 57. Nf4 Rh1 58. Rb8 h4 59. b6 Rb1 60. Rh8 Nf5 61. Rh5 Rf1+ 62. Kg4 Nxe3+ 63. Kg5 Rg1+ 64. Kf6 Rb1 65. Rxh4 Rxb6+ 66. Ke5 Nc4+ 67. Kd5 Ne3+ 68. Ke4 Nc4 69. Rh7+ Ke8 70. d5 Rf6 71. Ne6 Rf7 72. Rh8+ Ke7 73. Kd4 Nd6 74. Ra8 Rf1 75. Ra7+ Ke8 76. Kc5 Ne4+ 77. Kd4 Nd6 78. Nc7+ Kd8 79. Ne6+ 1/2-1/2

[Event "Moron Faogba op"]
[Site "Moron"]
[Date "2018.03.03"]
[Round "1"]
[White "Conde, Adrian"]
[Black "Ardiles, Manuel"]
[Result "1-0"]
[WhiteElo "2073"]
[BlackElo "1773"]
[PlyCount "45"]
[EventDate "2018.03.03"]
[EventType "swiss"]
[EventRounds "7"]
[EventCountry "ARG"]
[SourceTitle "CBM 183 Extra"]
[Source "ChessBase"]
[SourceDate "2018.04.19"]
[SourceVersion "1"]
[SourceVersionDate "2018.04.19"]
[SourceQuality "1"]

1. e4 c5 2. Nf3 Nc6 3. Bb5 Qc7 4. 0-0 Nd4 5. Nxd4 cxd4 6. c3 Nf6 7. Qe2 a6 8. Ba4 Qe5 9. d3 b5 10. Bb3 d6 11. cxd4 Qxd4 12. Be3 Qe5 13. a4 b4 14. Nd2 a5 15. Nc4 Qh5 16. Qxh5 Nxh5 17. Nb6 Rb8 18. Nxc8 Rxc8 19. Rac1 Rxc1 20. Rxc1 e6 21. Bb6 Nf4 22. Rc7 Nxd3 23. Bc4 1-0